000 00337nam a22001217a 4500
008 180427b xxu||||| |||| 00| 0 eng d
041 _aeng
080 _a043.3
100 _a0
101 _aMBE-MA
245 _aFinancimi i Biznesit ne Kosove: Ndikimi i Bankave Komerciale ne Zhvillimin e NVM-v ne Kosove
_cKonjufca, P
942 _2udc
_cBK
999 _c45641
_d45641